Bílá místa v našich dějinách? /

Gespeichert in:
Bibliographische Detailangaben
1. Verfasser: Křen, Jan (Verfasst von)
Format: Buch
Sprache:Tschechisch
Veröffentlicht: Praha : Lidové noviny, 1991
Ausgabe:1.vyd.
Tags: Tag hinzufügen
Keine Tags, Fügen Sie das erste Tag hinzu!

MARC

LEADER 00000nam a22000003a 4500
001 stu767
005 20150617225705.0
008 911113s1991----cs------------------cze-d
020 |a 807106-003-8 
040 |a STU  |b slo 
041 0 |a cze 
044 |a cs 
080 |a 943.7"19" 
100 1 |a Křen, Jan  |4 aut 
245 1 |a Bílá místa v našich dějinách? /  |c [aut.] Křen,Jan 
250 |a 1.vyd. 
260 |a Praha :  |b Lidové noviny,  |c 1991 
300 |a 107 s 
996 |b E75279  |c R*75279  |l RRUM  |s A  |a 24  |w stu767_0001